Building the rule of law (Record no. 78953)

MARC details
000 -LEADER
fixed length control field 00894nam a2200217 a 4500
008 - FIXED-LENGTH DATA ELEMENTS--GENERAL INFORMATION
fixed length control field 120416s2001 ||||||||||||||||| || u
020 ## - INTERNATIONAL STANDARD BOOK NUMBER
International Standard Book Number 0393050378
050 ## - LIBRARY OF CONGRESS CALL NUMBER
Classification number KG 2834 Wid
100 ## - MAIN ENTRY--PERSONAL NAME
Personal name Widner, Jennifer A
245 10 - TITLE STATEMENT
Title Building the rule of law
260 ## - PUBLICATION, DISTRIBUTION, ETC.
Place of publication, distribution, etc. London:
Name of publisher, distributor, etc. W. W. Norton and Company
Date of publication, distribution, etc. 2001
300 ## - PHYSICAL DESCRIPTION
Extent 454 p. : ill.
350 ## -
-- 0.00
500 ## - GENERAL NOTE
General note Includes bibliographical references (p. [405]-437) and index.
650 ## - SUBJECT ADDED ENTRY--TOPICAL TERM
Topical term or geographic name entry element JUSTICE ADMINISTRATION OF--TANZANIA
650 ## - SUBJECT ADDED ENTRY--TOPICAL TERM
Topical term or geographic name entry element JUDGES--TANZANIA--BIOGRAPHY
650 ## - SUBJECT ADDED ENTRY--TOPICAL TERM
Topical term or geographic name entry element LAW--TANZANIA
650 ## - SUBJECT ADDED ENTRY--TOPICAL TERM
Topical term or geographic name entry element LAW
995 ## -
-- MAIN LIBRARY OPEN ACCESS
-- 0.00
-- 734202
-- CBU-MAIN LIBRARY (Kitwe)
-- 2
-- 29.00
-- KG 2834 WID
-- 2
-- AVAILABLE
-- 46563
-- Main Library Open Access Collection
995 ## -
-- MAIN LIBRARY OPEN ACCESS
-- 0.00
-- 734203
-- CBU-MAIN LIBRARY (Kitwe)
-- 1
-- 29.00
-- KG 2834 WID
-- 1
-- AVAILABLE
-- 46561
-- Main Library Open Access Collection
999 ## -
-- 78953
-- 78953

No items available.